Catálogo
 En Linea

Descentralización, gobierno y democracia / (Registro nro. 12681)

Detalles MARC
000 -CABECERA
campo de control de longitud fija 01783cam a2200349 a 4500
001 - NÚMERO DE CONTROL
campo de control 000013037
003 - IDENTIFICADOR DEL NÚMERO DE CONTROL
campo de control UkOxU
005 - FECHA Y HORA DE LA ÚLTIMA TRANSACCIÓN
campo de control 20200929163127.0
008 - DATOS DE LONGITUD FIJA--INFORMACIÓN GENERAL
campo de control de longitud fija 990305s1998 ve b 000 0 spa d
020 ## - NÚMERO INTERNACIONAL ESTÁNDAR DEL LIBRO
Número Internacional Estándar del Libro 9800013237
020 ## - NÚMERO INTERNACIONAL ESTÁNDAR DEL LIBRO
Número Internacional Estándar del Libro 9800751130
035 ## - NÚMERO DE CONTROL DEL SISTEMA
Número de control de sistema (NNC)notisAPA3477
035 ## - NÚMERO DE CONTROL DEL SISTEMA
Número de control de sistema (OCoLC)ocm40907924
035 ## - NÚMERO DE CONTROL DEL SISTEMA
Número de control de sistema (CStRLIN)NYCGAPA3477-B
040 ## - FUENTE DE LA CATALOGACIÓN
Centro catalogador/agencia de origen DO-SdBNP
Centro/agencia transcriptor PIT
043 ## - CÓDIGO DE ÁREA GEOGRÁFICA
Código de área geográfica s-ve---
245 00 - MENCIÓN DE TÍTULO
Título Descentralización, gobierno y democracia /
Mención de responsabilidad, etc. Carlos Mascareño, coordinador ; Ramón J. Velásquez ... [et al.].
260 ## - PUBLICACIÓN, DISTRIBUCIÓN, ETC.
Lugar de publicación, distribución, etc. Caracas :
Nombre del editor, distribuidor, etc. CENDES :
-- G-Local,
Fecha de publicación, distribución, etc. 1998.
300 ## - DESCRIPCIÓN FÍSICA
Extensión 308 p. ;
Dimensiones 24 cm.
500 ## - NOTA GENERAL
Nota general "...Recoge las conferencias y la discusión de la Cátedra que se demoninó 'Descentralización, Gobierno y Futuro Democrático en Venezuela', realizada en 1997 en el marco del V Aniversario de la Asociación Gerencia y Gestión Local, G-Local, contando con los auspicios del Centro de Estudios del Desarrollo, CENDES, de la UCV y del Consejo Nacional de Investigaciones Científicas y Tecnológicas de Venezuela, CONICIT."--Back cover.
504 ## - NOTA DE BIBLIOGRAFÍA, ETC.
Nota de bibliografía, etc. Includes bibliographical references.
650 #0 - PUNTO DE ACCESO ADICIONAL DE MATERIA--TÉRMINO DE MATERIA
Término de materia o nombre geográfico como elemento de entrada Decentralization in government
Subdivisión geográfica Venezuela.
9 (RLIN) 30130
650 #0 - PUNTO DE ACCESO ADICIONAL DE MATERIA--TÉRMINO DE MATERIA
Término de materia o nombre geográfico como elemento de entrada Local government
Subdivisión geográfica Venezuela.
9 (RLIN) 30131
650 #0 - PUNTO DE ACCESO ADICIONAL DE MATERIA--TÉRMINO DE MATERIA
Término de materia o nombre geográfico como elemento de entrada Political participation
Subdivisión geográfica Venezuela.
9 (RLIN) 30132
700 1# - PUNTO DE ACCESO ADICIONAL--NOMBRE DE PERSONA
Nombre de persona Mascareño, Carlos.
9 (RLIN) 30133
700 1# - PUNTO DE ACCESO ADICIONAL--NOMBRE DE PERSONA
Nombre de persona Velásquez, Ramón J.
9 (RLIN) 6716
710 2# - PUNTO DE ACCESO ADICIONAL--NOMBRE DE ENTIDAD CORPORATIVA
Nombre de entidad corporativa o nombre de jurisdicción como elemento de entrada Universidad Central de Venezuela.
Unidad subordinada Centro de Estudios del Desarrollo.
9 (RLIN) 30134
710 2# - PUNTO DE ACCESO ADICIONAL--NOMBRE DE ENTIDAD CORPORATIVA
Nombre de entidad corporativa o nombre de jurisdicción como elemento de entrada Consejo Nacional de Investigaciones Científicas y Tecnológicas (Venezuela)
9 (RLIN) 30135
710 2# - PUNTO DE ACCESO ADICIONAL--NOMBRE DE ENTIDAD CORPORATIVA
Nombre de entidad corporativa o nombre de jurisdicción como elemento de entrada Asociación Gerencia y Gestión Local.
9 (RLIN) 30136
852 ## - LOCALIZACIÓN
-- 11537591
-- Available
910 ## - DATOS DE OPCIÓN DEL USUARIO (OCLC)
Datos de opción del usuario Catalogación por copia / Oxford
Existencias
Estado de retiro Estado de pérdida Restricciones de uso No para préstamo Código de colección Localización permanente Ubicación/localización actual Ubicación en estantería Fecha de adquisición Número de inventario Total de préstamos Signatura topográfica completa Código de barras Fecha visto por última vez Precio válido a partir de Tipo de ítem Koha
        Monografías: Libros y Folletos General General En catalogación 26.03.2010 LF1   13037-10 25.06.2020 25.06.2020 Préstamo en sala

Con tecnología Koha